[Event "Asian Continental-ch Open 2019"]
[Site "XingTai"]
[Date "2019.06.10"]
[Round "4.11"]
[White "Narayanan.S.L"]
[Black "Ma, Zhonghan"]
[Result "1-0"]
[WhiteElo "2603"]
[BlackElo "2488"]
[Annotator "RC"]
[PlyCount "75"]
[EventDate "2019.06.06"]
[EventType "swiss"]
[EventCountry "CHN"]
[SourceTitle "playchess.com"]
[Source "ChessBase"]
[SourceQuality "1"]
[TimeControl "40/5400+30:1800+30"]

1. d4 {[%emt 0:00:00]} Nf6 {[%emt 0:00:00]} 2. c4 {[%emt 0:00:00]} e6 {[%emt 0:00:07]} 3. Nf3 {[%emt 0:00:00]} b6 {[%emt 0:00:21]} 4. a3 {[%emt 0:00:01]} Bb7 {[%emt 0:00:47]} 5. Nc3 {[%emt 0:00:09]} d5 {[%emt 0:00:39]} 6. cxd5 {[%emt 0:00:09]} Nxd5 {[%emt 0:00:48]} 7. e3 {[%emt 0:00:37]} Be7 {[%emt 0:00:58]} 8. Bb5+ {[%emt 0:00:14]} c6 {[%emt 0:00:56]} 9. Bd3 {[%emt 0:00:07]} c5 {[%emt 0:01:02]} 10. e4 {[%emt 0:01:24]} Nxc3 {[%emt 0:02:53]} 11. bxc3 {[%emt 0:00:09]} Nc6 {[%emt 0:01:15]} 12. O-O {[%emt 0:01:01]} cxd4 {[%emt 0:02:07]} 13. cxd4 {[%emt 0:00:14]} O-O {[%emt 0:01:00]} 14. Bb2 {[%emt 0:05:26]} Bf6 {[%emt 0:03:08]} 15. e5 {[%emt 0:00:45]} Be7 {[%emt 0:00:02]} 16. Qc2 {[%emt 0:00:34]} h6 {[%emt 0:04:39]} 17. Qe2 {[%emt 0:01:42]} Qd5 {[%emt 0:02:48]} 18. Rad1 {[%emt 0:36:18]} Na5 {[%emt 0:00:27]} 19. Ne1 {[%emt 0:00:41]} Rac8 {[%emt 0:13:06]} 20. f4 {[%emt 0:00:18]} f5 {[%emt 0:14:32]} 21. exf6 {[%emt 0:02:31]} Bxf6 {[%emt 0:03:28]} 22. Nc2 {[%emt 0:06:17]} Nc4 {[%emt 0:10:51]} 23. Ba1 {[%emt 0:04:14]} b5 {[%emt 0:07:46]} 24. Qg4 {[%emt 0:03:46]} Rce8 {[%emt 0:07:38]} 25. Qg6 {[%emt 0:06:25]} Rf7 {[%emt 0:01:16]} 26. Rfe1 {[%emt 0:04:19]} Kf8 {[%emt 0:05:42]} 27. Re2 {[%emt 0:04:39]} Qd6 {[%emt 0:07:09]} 28. Qh7 {[%emt 0:08:08]} Bd5 {[%emt 0:02:54]} 29. Rf1 {[%emt 0:10:03]} Ke7 {[%emt 0:01:38]} 30. Bg6 {[%emt 0:00:44]} Ref8 {[%emt 0:01:16]} 31. f5 {[%emt 0:01:02]} Bh4 {[%emt 0:02:09]} 32. Bc3 {[%emt 0:00:52]} a5 {[%emt 0:00:41]} 33. Nb4 {[%emt 0:00:56]} Nxa3 {[%emt 0:01:23]} 34. Nxd5+ {[%emt 0:00:07]} Qxd5 {[%emt 0:00:02]} 35. Bxf7 {[%emt 0:00:08]} Rxf7 {[%emt 0:00:02]} 36. Rxe6+ {[%emt 0:00:13]} Kd7 {[%emt 0:00:53]} 37. Qg8 {[%emt 0:00:08]} Rxf5 {[%emt 0:01:15]} 38. Qe8+ {[%emt 0:00:05]} 1-0

[Event "Asian Continental-ch Open 2019"]
[Site "XingTai"]
[Date "2019.06.10"]
[Round "4.12"]
[White "Karthik Venkataraman"]
[Black "Yakubboev, Nodirbek"]
[Result "1-0"]
[WhiteElo "2499"]
[BlackElo "2587"]
[Annotator "TA"]
[PlyCount "115"]
[EventDate "2019.06.06"]
[EventType "swiss"]
[EventCountry "CHN"]
[SourceTitle "playchess.com"]
[Source "ChessBase"]
[SourceQuality "1"]

{[%evp 15,115,20,25,16,18,16,19,22,23,22,18,18,41,29,115,63,78,63,85,88,87,92,66,22,97,66,121,104,158,158,166,118,229,226,341,285,283,299,281,291,294,293,337,243,252,229,448,443,665,662,684,668,666,674,799,804,765,750,850,846,831,818,1018,821,12806,11541,2470,2342,29961,29957,29948,12824,5165,954,852,755,2024,1606,29976,29977,29977,29978,29987,29980,29980,29981,29981,714,674,569,5804,4610,8555,7958,5716,5566,5616,5595,29979,29980,29968,1314]} 1. d4 Nf6 2. c4 e6 3. Nf3 b6 4. a3 Ba6 5. Qc2 Bb7 6. Nc3 c5 7. e4 cxd4 8. Nxd4 Bc5 9. Nf3 {E12: Queen's Indian: Unusual White 4th moves, 4 a3, 4 Nc3 Bb7 5 a3 and 4 Nc3 Bb7} Ng4 10. Bg5 f6 11. Bh4 {The position is equal.} Nc6 12. Be2 O-O 13. O-O $146 ({Predecessor:} 13. Rd1 a6 14. O-O Qc7 15. Bg3 Nge5 16. b4 Be7 {1-0 (26) Buhmann,R (2612)-Braeuer,F (2413) Germany 2016}) 13... Rc8 14. Rad1 a6 (14... a5 $11 {remains equal.}) 15. Rd2 (15. b4 $16 Be7 16. Qd2) 15... Qc7 {White should prevent ...Nd4!} 16. Rfd1 Rfd8 17. b4 $36 {[%mdl 2048] White is on the roll.} Bf8 18. Bg3 Nge5 19. Nd4 Ba8 (19... Nxd4 $11 20. Rxd4 g6) 20. Qb3 Qb7 (20... Nxd4 $14 21. Rxd4 g5) 21. Nc2 $16 g5 (21... Nf7 $142) 22. Ne3 Ng6 {[#]} 23. Bg4 $1 Kg7 (23... Kh8 $16) 24. Qb2 Be7 (24... Kf7 $142 25. Bh5 Nce5) 25. Bd6 Bxd6 26. Rxd6 Qc7 27. Qd2 Nge5 28. Na4 Kg6 29. Be2 Rb8 30. c5 b5 $2 (30... Nf7 {might work better.} 31. Rxd7 Rxd7 32. Qxd7 Qxd7 33. Rxd7 b5) 31. Nb6 $18 Rxb6 (31... Kg7 $142 32. Ng4 Nxg4 33. Bxg4 (33. Rxd7+ Rxd7 34. Qxd7+ Qxd7 $16) 33... Ne5 34. Nxd7 Nxg4 35. Nxb8 Qxb8) 32. cxb6 Qxb6 33. Ng4 Qa7 {[#]} 34. h4 $1 {[%mdl 512]} h6 (34... gxh4 35. Qh6+) 35. Nxe5+ Nxe5 {[#]} 36. Rxe6 $3 {[%mdl 512]} dxe6 37. Qxd8 {Intending Qg8+ and mate.} Bxe4 38. Rd4 Qb7 39. Qe8+ Kf5 {[#]} 40. g4+ $1 {[%mdl 576] Decoy} Nxg4 41. Bxg4+ Kxg4 42. Qxe6+ {[%mdl 4160] Endgame Double Attack. KQR-KQB} f5 43. Qxh6 gxh4 44. Rd8 (44. Rd6 $142 Qa7 45. Rg6+ Kf3 46. Qh5+ Kf4 47. Qxh4+ Ke5 48. Qg3+ Kd5 49. Qb3+ Ke5 50. Qg3+ Kd5 51. Qb3+ Ke5 52. Re6+ Kd4 53. Qe3+ Kd5 54. Qxa7 Kxe6 55. Qxa6+ {[%mdl 64] Double Attack} Kd7 56. Qxb5+ Ke6 57. Qb6+ Ke7 58. b5) 44... Qf7 45. Rh8 Kf3 46. Qg5 Qa7 47. Qh5+ Kf4 48. Qxh4+ Kf3 49. Qh5+ Kf4 50. Qh6+ Kf3 51. Qe3+ (51. Qh3+ $142 Ke2 52. Qf1+ Kd2 53. Rd8+ Kc3 54. Rc8+ Kd2 55. Qc1+ Ke2 56. Qb2+ Kf3 57. Rd8) 51... Qxe3 52. Rh3+ {[%mdl 64] Skewer} (52. fxe3 Kxe3 53. Rh6 Kf3 $18) 52... Ke2 {[%csl Ge2][%cal Re3f2]} 53. Rxe3+ ({Weaker is} 53. fxe3 Bd3 $16) 53... Kd2 54. Kh2 Kc2 55. Kg3 Kb2 56. Kf4 Bc2 57. Re2 Kb3 {[#]} 58. Ke5 {Accuracy: White = 71%, Black = 27%.} (58. Rxc2 $142 $1 {[%mdl 512]} Kxc2 59. Kxf5 Kb3 60. f4 Kc4 61. Ke5 Kc3 62. f5 a5 63. bxa5) 1-0

[Event "Asian Continental-ch Open 2019"]
[Site "XingTai"]
[Date "2019.06.10"]
[Round "4.13"]
[White "Xu, Xiangyu"]
[Black "Harshavardhan, G B"]
[Result "1-0"]
[WhiteElo "2583"]
[BlackElo "2406"]
[Annotator "TA"]
[PlyCount "63"]
[EventDate "2019.06.06"]
[EventType "swiss"]
[EventCountry "CHN"]
[SourceTitle "playchess.com"]
[Source "ChessBase"]
[SourceQuality "1"]

{[%evp 25,63,8,0,-19,-24,-14,4,8,30,27,24,20,52,32,33,42,127,134,115,132,153,109,109,98,104,97,103,97,89,95,95,88,88,90,299,313,539,533,1174,1136]} 1. Nf3 Nf6 2. c4 e6 3. Nc3 Bb4 4. d4 Bxc3+ 5. bxc3 b6 6. Bg5 Bb7 7. Nd2 d6 8. Bh4 h6 9. e3 Nbd7 10. f3 Qe7 11. Bd3 e5 12. e4 g5 13. Bf2 Nh5 {[#]} 14. d5 $146 {E13: Queen's Indian/Nimzo-Indian hybrid: 4 Nc3 Bb7 5 Bg5 h6 6 Bh4 Bb4} ({Predecessor:} 14. Nf1 f5 15. Ne3 fxe4 16. fxe4 Nf4 17. d5 O-O-O 18. Bc2 Rdf8 19. g3 Nh3 20. Nf5 Rxf5 21. exf5 Nxf2 22. Kxf2 {1-0 (47) Bacrot,E (2645)-Sokolov,A (2554) Aix les Bains 2003}) 14... Nf4 15. Bf1 Nc5 (15... O-O-O {seems wilder.} 16. g3 Ng6 17. Qc2 h5 18. O-O-O Kb8) 16. Bxc5 {The position is equal.} dxc5 17. g3 Ng6 18. Bh3 Qd6 19. Nf1 Ne7 20. Ne3 Bc8 (20... h5 $14) 21. Bxc8 $16 Rxc8 22. h4 f6 23. hxg5 fxg5 24. Qe2 Kd7 25. Rh5 Rcf8 26. O-O-O Kc8 27. Ng4 Ng8 28. Rdh1 Qg6 29. Nxe5 Qf6 $2 (29... Qg7 $16 {was worth a try.} 30. f4 Kb7) 30. f4 $1 $18 gxf4 $2 (30... a5 {keeps fighting.} 31. Kb2 Qg7) 31. Rf5 Qg7 {[#]} 32. Qg4 $1 {[%mdl 512] Accuracy: White = 77%, Black = 32%.} 1-0

[Event "Asian Continental-ch Open 2019"]
[Site "XingTai"]
[Date "2019.06.10"]
[Round "4.14"]
[White "Rahul Srivatshav P"]
[Black "Lalith Babu M R"]
[Result "0-1"]
[WhiteElo "2395"]
[BlackElo "2571"]
[Annotator "RC"]
[PlyCount "118"]
[EventDate "2019.06.06"]
[EventType "swiss"]
[EventCountry "CHN"]
[SourceTitle "playchess.com"]
[Source "ChessBase"]
[SourceQuality "1"]
[TimeControl "40/5400+30:1800+30"]

1. c4 {[%emt 0:00:00]} c5 {[%emt 0:00:02]} 2. Nf3 {[%emt 0:00:10]} g6 {[%emt 0:00:34]} 3. Nc3 {[%emt 0:02:43]} Bg7 {[%emt 0:00:32]} 4. g3 {[%emt 0:03:23]} Nc6 {[%emt 0:00:20]} 5. Bg2 {[%emt 0:00:58]} d6 {[%emt 0:00:09]} 6. O-O {[%emt 0:01:46]} Bf5 {[%emt 0:00:15]} 7. b3 {[%emt 0:05:36]} Qd7 {[%emt 0:04:10]} 8. Bb2 {[%emt 0:04:32]} h5 {[%emt 0:01:22]} 9. h4 {[%emt 0:09:56]} Nh6 {[%emt 0:02:01]} 10. Re1 {[%emt 0:04:18]} Bg4 {[%emt 0:06:43]} 11. d3 {[%emt 0:01:47]} Nf5 {[%emt 0:02:44]} 12. Nh2 {[%emt 0:05:43]} Nh6 {[%emt 0:02:30]} 13. Nf3 {[%emt 0:01:51]} Bh3 {[%emt 0:15:26]} 14. Bh1 {[%emt 0:00:28]} Nf5 {[%emt 0:01:12]} 15. Qd2 {[%emt 0:01:44]} Bg4 {[%emt 0:10:34]} 16. Nh2 {[%emt 0:01:15]} O-O-O {[%emt 0:02:25]} 17. Nd5 {[%emt 0:05:25]} Bxb2 {[%emt 0:09:54]} 18. Qxb2 {[%emt 0:00:08]} e6 {[%emt 0:00:02]} 19. Nf6 {[%emt 0:02:04]} Qc7 {[%emt 0:00:12]} 20. a3 {[%emt 0:02:35]} Ne5 {[%emt 0:05:05]} 21. b4 {[%emt 0:07:51]} Bh3 {[%emt 0:00:59]} 22. Ne4 {[%emt 0:03:43]} b6 {[%emt 0:06:45]} 23. a4 {[%emt 0:00:59]} Kd7 {[%emt 0:00:17]} 24. Ng5 {[%emt 0:06:36]} Bg4 {[%emt 0:00:31]} 25. f4 {[%emt 0:00:05]} f6 {[%emt 0:05:01]} 26. Ne4 {[%emt 0:00:38]} Nc6 {[%emt 0:00:57]} 27. bxc5 {[%emt 0:01:51]} dxc5 {[%emt 0:00:48]} 28. a5 {[%emt 0:02:49]} Nxa5 {[%emt 0:00:27]} 29. Nxf6+ {[%emt 0:01:38]} Kc8 {[%emt 0:01:40]} 30. Qb5 {[%emt 0:02:06]} Nxg3 {[%emt 0:01:17]} 31. Qa6+ {[%emt 0:09:14]} Kb8 {[%emt 0:01:29]} 32. Nhxg4 {[%emt 0:00:23]} hxg4 {[%emt 0:00:26]} 33. Rxa5 {[%emt 0:01:36]} Nxh1 {[%emt 0:01:40]} 34. Rb1 {[%emt 0:00:07]} Ng3 {[%emt 0:11:04]} 35. Rxb6+ {[%emt 0:01:08]} Qxb6 {[%emt 0:00:05]} 36. Rb5 {[%emt 0:00:08]} Rd6 {[%emt 0:01:57]} 37. Rxb6+ {[%emt 0:01:15]} axb6 {[%emt 0:00:32]} 38. Kf2 {[%emt 0:00:51]} Nf5 {[%emt 0:01:11]} 39. Ne4 {[%emt 0:00:18]} g3+ {[%emt 0:00:34]} 40. Kg2 {[%emt 0:00:00]} Rc6 {[%emt 0:00:00]} 41. Nxc5 {[%emt 0:07:26]} Rh7 {[%emt 0:05:02]} 42. Qb5 {[%emt 0:00:45]} Nd4 {[%emt 0:06:19]} 43. Qb2 {[%emt 0:00:16]} Nf5 {[%emt 0:02:57]} 44. Qe5+ {[%emt 0:03:01]} Ka7 {[%emt 0:02:40]} 45. Qa1+ {[%emt 0:00:30]} Kb8 {[%emt 0:00:16]} 46. Na6+ {[%emt 0:00:23]} Kb7 {[%emt 0:00:36]} 47. Nb4 {[%emt 0:00:19]} Rxh4 {[%emt 0:02:31]} 48. Qa6+ {[%emt 0:11:26]} Kc7 {[%emt 0:00:09]} 49. Nxc6 {[%emt 0:00:32]} Rh2+ {[%emt 0:00:24]} 50. Kg1 {[%emt 0:00:48]} Ne3 {[%emt 0:02:13]} 51. Qa7+ {[%emt 0:00:08]} Kxc6 {[%emt 0:00:03]} 52. Qa8+ {[%emt 0:00:09]} Kc7 {[%emt 0:02:59]} 53. Qf3 {[%emt 0:00:21]} Nf5 {[%emt 0:00:03]} 54. e4 {[%emt 0:02:23]} Rf2 {[%emt 0:00:30]} 55. Qg4 {[%emt 0:00:21]} Rf1+ {[%emt 0:00:07]} 56. Kxf1 {[%emt 0:00:25]} Ne3+ {[%emt 0:00:03]} 57. Ke2 {[%emt 0:00:00]} Nxg4 {[%emt 0:00:00]} 58. Kf3 {[%emt 0:00:00]} Nf2 {[%emt 0:00:00]} 59. d4 {[%emt 0:00:00]} Nxe4 {[%emt 0:00:00]} 0-1

[Event "Asian Continental-ch Open 2019"]
[Site "XingTai"]
[Date "2019.06.10"]
[Round "4.15"]
[White "Zeng, Chongsheng"]
[Black "Krishna C R G"]
[Result "1-0"]
[WhiteElo "2561"]
[BlackElo "2481"]
[Annotator "TA"]
[PlyCount "51"]
[EventDate "2019.06.06"]
[EventType "swiss"]
[EventCountry "CHN"]
[SourceTitle "playchess.com"]
[Source "ChessBase"]
[SourceQuality "1"]

{[%evp 13,51,-3,26,0,0,-12,0,0,0,-32,0,-11,-2,-30,-9,-1,81,81,81,86,87,87,111,83,92,73,149,149,148,128,175,149,183,183,183,183,187,187,187,159]} 1. e4 e6 2. d4 d5 3. Nc3 Bb4 4. e5 c5 5. a3 Bxc3+ 6. bxc3 Ne7 7. Qg4 cxd4 8. Bd3 {C18: French: 3 Nc3 Bb4: Main line: 7 h4 and 7 Qg4} (8. Qxg7 Rg8 9. Qxh7 Qc7 10. Ne2 Nbc6 11. f4 dxc3 12. Nxc3 Nd4 13. Bb2 Bd7 14. O-O-O Qb6 15. Qd3 Ndf5 16. Rd2 Rc8 17. g3 Ne3 18. Ne4 Rxc2+ 19. Rxc2 dxe4 20. Qxe4 Nxc2 21. Qxc2 {½-½ (31) Giri,A (2752)-Carlsen,M (2834) Wijk aan Zee 2018}) 8... Qa5 9. Ne2 O-O 10. Bg5 {The position is equal.} Ng6 11. Qg3 dxc3 12. h4 {Threatens to win with h5.} Nd7 $1 13. f4 {And now h5 would win.} (13. h5 $5 {[%cal Rh5g6]} Ngxe5 14. Bh6 $1 {[%mdl 512]} Nxd3+ 15. Kf1 $15) 13... h5 $1 {Threatening ...b6.} 14. Qe3 Qc5 $146 {[#]} (14... Qb6 $11 {keeps the balance.} 15. Qxb6 axb6) ({Predecessor:} 14... Qb6 15. Nd4 Nb8 {1-0 (50) Kollars,D (2502)-Colpe,M (2408) Budapest 2017}) 15. Qxc5 $1 $16 Nxc5 16. Bxg6 $1 fxg6 17. Be7 {[%mdl 64] Double Attack} b6 {Strongly threatening ...Rf7.} 18. Bxf8 Kxf8 19. Rh3 Ba6 ({Black should try} 19... Bd7) 20. Nd4 ({Don't play} 20. Rxc3 $6 Bc4 $14) (20. Nxc3 $6 d4 $14) 20... Bc4 21. Rxc3 Kf7 22. Rb1 {White is clearly better.} Ne4 23. Re3 Rc8 24. a4 {[%cal Ba3a4,Ba4a5][%mdl 32]} Nc5 25. Ra3 Nb7 26. a5 {Accuracy: White = 74%, Black = 47%.} 1-0

[Event "Asian Continental-ch Open 2019"]
[Site "XingTai"]
[Date "2019.06.10"]
[Round "4.16"]
[White "Zou, Chen"]
[Black "Sengupta, Deep"]
[Result "1-0"]
[WhiteElo "2415"]
[BlackElo "2559"]
[Annotator "TA"]
[PlyCount "73"]
[EventDate "2019.06.06"]
[EventType "swiss"]
[EventCountry "CHN"]
[SourceTitle "playchess.com"]
[Source "ChessBase"]
[SourceQuality "1"]

{[%evp 9,73,13,12,12,9,0,0,-20,-2,-9,-13,-24,-22,-50,-2,-51,-57,-71,-48,-80,-73,-108,-103,-132,-74,-114,-110,-95,-99,-85,-78,-256,-248,-206,-87,-119,-123,-157,-143,-108,-112,-160,-142,-151,-139,-173,-14,-18,-21,-459,-470,-593,-559,-597,0,0,0,0,0,-21,-20,-20,29994,29995,29997,29998]} 1. c4 Nf6 2. Nf3 e6 3. Nc3 c5 4. e3 b6 5. b3 Bb7 6. Bb2 {A34: Symmetrical English: 2 Nc3, lines with ...d5} Be7 (6... Nc6 7. Be2 Be7 8. O-O O-O 9. d4 d5 10. cxd5 Nxd5 11. Nxd5 Qxd5 12. dxc5 Qxd1 13. Rfxd1 Bxc5 14. Rd7 Bc8 15. Rd2 a5 16. Bb5 Na7 17. Bd3 Bb7 18. a3 {0-1 (48) Safarli,E (2624)-Abasov,N (2636) Nakhchivan 2019}) 7. Be2 O-O 8. Qc2 {The position is equal.} d5 9. cxd5 Nxd5 10. a3 Nc6 11. h4 $146 ({Predecessor:} 11. Ne4 f5 12. Ng3 Bf6 13. Rc1 Bxb2 14. Qxb2 Qf6 15. Qxf6 gxf6 16. O-O Rad8 17. Rfd1 Na5 18. Rb1 Nc6 19. Rbc1 Na5 20. Rb1 {½-½ (20) Kanovsky,D (2453)-Talla,V (2424) Stare Mesto 2015}) 11... h6 12. Ng5 Bxg5 13. hxg5 Qxg5 14. Ne4 Qg6 ({Worse is} 14... Qxg2 15. O-O-O $16) 15. Rh4 e5 16. O-O-O f5 ({But not} 16... Qxg2 $2 17. Rg4 $18) (16... Nde7 $142 17. Kb1 f5) 17. Ng3 Nd4 18. exd4 cxd4 {...Rac8 is the strong threat.} 19. Kb1 Rac8 20. Qd3 $2 (20. Bc4 $17) 20... Nf4 $19 21. Qb5 Nxg2 (21... Rc5 $19 22. Bc4+ Ne6) 22. Rh2 {[#]} Rc5 $1 {[%cal Rc5b5]} 23. Bc4+ Kh8 24. Qd7 f4+ 25. Ka1 fxg3 26. fxg3 Be4 27. Rdh1 Rc6 $2 (27... Qc6 $19 28. Qe7 Qf6 29. Qxf6 Rxf6) 28. Bd5 $1 $11 Rcf6 $1 {[%cal Bc6f6,Bf6f7,Bf7f1][%mdl 32] Strongly threatening ...Ne3!} 29. Bc4 $2 {[%mdl 8192]} (29. Bc1 $1 $11 {and White has nothing to worry.}) 29... Qxg3 $19 30. Rh3 Qg6 31. R3h2 Bd3 $2 ({Black should play} 31... Nf4 $19 32. Qb5 Bxh1 33. Rxh1 Qe4) 32. Bxd3 $11 Qxd3 {[%mdl 64] Double Attack} 33. Rxg2 {[%csl Gg2][%cal Rd7g7]} R6f7 $1 {[%cal Rf7d7]} 34. Qd6 Rf1+ {[%mdl 64] Double Attack} 35. Bc1 {[#]} Rc8 $2 {[%mdl 8192] [#]} (35... Qc2 $1 $11 {[%mdl 512]} 36. Rxh6+ gxh6 37. Qxe5+ R1f6) 36. Rxh6+ $1 {[%mdl 512]} gxh6 37. Qxe5+ {Accuracy: White = 34%, Black = 47%.} 1-0

[Event "Asian Continental-ch Open 2019"]
[Site "XingTai"]
[Date "2019.06.10"]
[Round "4.17"]
[White "Aryan Chopra"]
[Black "Sankalp, Gupta"]
[Result "1/2-1/2"]
[WhiteElo "2553"]
[BlackElo "2359"]
[Annotator "TA"]
[PlyCount "51"]
[EventDate "2019.06.06"]
[EventType "swiss"]
[EventCountry "CHN"]
[SourceTitle "playchess.com"]
[Source "ChessBase"]
[SourceQuality "1"]

{[%evp 20,51,14,14,22,24,30,37,25,32,17,15,33,8,12,21,20,37,75,72,72,0,43,0,0,0,0,0,0,0,0,0,0,0]} 1. e4 e6 2. d4 d5 3. Nc3 Nf6 4. e5 Nfd7 5. f4 c5 6. Nf3 Nc6 7. Be3 cxd4 8. Nxd4 Qb6 9. Qd2 Qxb2 10. Rb1 {[%cal Ba1b1,Bb1b3,Bb3b7,Bb7a7][%mdl 32]} Qa3 11. Bb5 $1 Nxd4 {C11: French: Classical System: 4 e5 and 4 Bg5 dxe4} 12. Bxd4 a6 13. Bxd7+ $1 Bxd7 {White is slightly better.} 14. Rb3 Qe7 $1 15. Rxb7 Qh4+ 16. Qf2 Be7 17. g3 Qh3 18. Kd2 {[#]} h5 $146 {[#]} ({Predecessor:} 18... Bd8 19. Rhb1 {½-½ (63) Karjakin,S (2771)-Agdestein,S (2628) Stavanger 2014}) 19. Rhb1 $1 Rc8 20. Ra7 h4 $1 ({Wrong is} 20... Qf5 $2 21. Rbb7 $18 (21. Rxa6 Kf8 $16)) 21. Rbb7 (21. g4 $5) 21... hxg3 $1 {The position is equal.} 22. hxg3 Qh1 $1 {[#] ...Rh2 is the strong threat.} 23. Rb1 Qh2 {And now ...Qxf2+ would win.} 24. Rbb7 Qh1 {White must now prevent ...Rh2.} 25. Rb1 Qh2 {aiming for ...Qxf2+.} 26. Rbb7 {Accuracy: White = 79%, Black = 73%.} 1/2-1/2

[Event "Asian Continental-ch Open 2019"]
[Site "XingTai"]
[Date "2019.06.11"]
[Round "5.1"]
[White "Firouzja, Alireza"]
[Black "Karthikeyan, Murali"]
[Result "0-1"]
[WhiteElo "2682"]
[BlackElo "2593"]
[Annotator "RC"]
[PlyCount "104"]
[EventDate "2019.06.06"]
[EventType "swiss"]
[EventCountry "CHN"]
[SourceTitle "playchess.com"]
[Source "ChessBase"]
[SourceQuality "1"]
[TimeControl "40/5400+30:1800+30"]

1. d4 {[%emt 0:00:00]} Nf6 {[%emt 0:00:00]} 2. c4 {[%emt 0:00:00]} g6 {[%emt 0:00:00]} 3. Nc3 {[%emt 0:00:00]} Bg7 {[%emt 0:00:00]} 4. e4 {[%emt 0:00:00]} d6 {[%emt 0:00:00]} 5. h3 {[%emt 0:05:02]} O-O {[%emt 0:00:00]} 6. Be3 {[%emt 0:00:02]} c5 {[%emt 0:00:00]} 7. Nf3 {[%emt 0:02:15]} Qa5 {[%emt 0:00:30]} 8. Nd2 {[%emt 0:05:47]} cxd4 {[%emt 0:06:52]} 9. Nb3 {[%emt 0:00:12]} Qxc3+ {[%emt 0:21:28]} 10. bxc3 {[%emt 0:00:03]} dxe3 {[%emt 0:00:06]} 11. f3 {[%emt 0:12:50]} Nh5 {[%emt 0:00:56]} 12. Qc1 {[%emt 0:02:09]} Bh6 {[%emt 0:01:25]} 13. g4 {[%emt 0:05:32]} Nf4 {[%emt 0:01:30]} 14. Kd1 {[%emt 0:04:50]} Ne6 {[%emt 0:14:01]} 15. Kc2 {[%emt 0:07:40]} Nc6 {[%emt 0:04:28]} 16. h4 {[%emt 0:01:53]} Bf4 {[%emt 0:00:23]} 17. Qd1 {[%emt 0:11:02]} Ne5 {[%emt 0:14:39]} 18. Nc1 {[%emt 0:04:18]} Bd7 {[%emt 0:00:57]} 19. a4 {[%emt 0:00:35]} Rac8 {[%emt 0:04:58]} 20. Ne2 {[%emt 0:02:09]} Bh6 {[%emt 0:01:31]} 21. g5 {[%emt 0:09:11]} Bg7 {[%emt 0:00:27]} 22. Bh3 {[%emt 0:00:29]} Nxf3 {[%emt 0:08:48]} 23. Qd3 {[%emt 0:02:42]} Ne5 {[%emt 0:00:56]} 24. Qxe3 {[%emt 0:00:06]} Nxc4 {[%emt 0:07:24]} 25. Qf2 {[%emt 0:03:10]} Rc5 {[%emt 0:01:31]} 26. Rhb1 {[%emt 0:03:21]} Bc6 {[%emt 0:00:25]} 27. Bg2 {[%emt 0:00:22]} f5 {[%emt 0:01:51]} 28. gxf6 {[%emt 0:04:06]} Bxf6 {[%emt 0:01:33]} 29. Rf1 {[%emt 0:06:53]} Bxc3 {[%emt 0:04:07]} 30. Qxc5 {[%emt 0:01:16]} Nxc5 {[%emt 0:00:10]} 31. Rxf8+ {[%emt 0:00:12]} Kxf8 {[%emt 0:00:02]} 32. Kxc3 {[%emt 0:00:01]} Ne5 {[%emt 0:00:41]} 33. a5 {[%emt 0:00:17]} Nxe4+ {[%emt 0:00:16]} 34. Bxe4 {[%emt 0:00:42]} Bxe4 {[%emt 0:00:02]} 35. Nd4 {[%emt 0:00:23]} Bd5 {[%emt 0:02:36]} 36. Nb5 {[%emt 0:01:21]} a6 {[%emt 0:00:34]} 37. Nc7 {[%emt 0:00:01]} Bc6 {[%emt 0:01:49]} 38. Rf1+ {[%emt 0:00:39]} Kg7 {[%emt 0:00:09]} 39. Ne6+ {[%emt 0:01:43]} Kh6 {[%emt 0:00:02]} 40. Rf8 {[%emt 0:00:00]} Kh5 {[%emt 0:00:00]} 41. Rh8 {[%emt 0:05:24]} h6 {[%emt 0:03:54]} 42. Rh7 {[%emt 0:00:22]} Kxh4 {[%emt 0:00:10]} 43. Rxh6+ {[%emt 0:01:28]} Kg4 {[%emt 0:00:18]} 44. Nd4 {[%emt 0:00:16]} Kg5 {[%emt 0:06:00]} 45. Rh2 {[%emt 0:01:30]} Bd5 {[%emt 0:00:32]} 46. Re2 {[%emt 0:00:45]} Kf4 {[%emt 0:02:01]} 47. Rf2+ {[%emt 0:00:41]} Nf3 {[%emt 0:01:37]} 48. Re2 {[%emt 0:00:49]} e5 {[%emt 0:02:19]} 49. Nc2 {[%emt 0:00:09]} Be4 {[%emt 0:00:17]} 50. Ne3 {[%emt 0:00:41]} d5 {[%emt 0:00:07]} 51. Kb4 {[%emt 0:00:03]} Nd4 {[%emt 0:01:52]} 52. Re1 {[%emt 0:00:09]} Kf3 {[%emt 0:00:09]} 0-1

[Event "Asian Continental-ch Open 2019"]
[Site "XingTai"]
[Date "2019.06.11"]
[Round "5.2"]
[White "Sethuraman, S.P."]
[Black "Lu, Shanglei"]
[Result "1/2-1/2"]
[WhiteElo "2613"]
[BlackElo "2624"]
[Annotator "TA"]
[PlyCount "53"]
[EventDate "2019.06.06"]
[EventType "swiss"]
[EventCountry "CHN"]
[SourceTitle "playchess.com"]
[Source "ChessBase"]
[SourceQuality "1"]

{[%evp 11,53,16,43,39,44,33,31,30,42,36,31,41,29,36,45,30,37,0,0,0,0,-6,15,-24,-1,-16,0,0,15,14,17,0,37,28,20,0,0,19,58,57,55,47,60,50]} 1. e4 c5 2. Nf3 d6 3. d4 cxd4 4. Nxd4 Nf6 5. Nc3 a6 6. f3 Qb6 7. g4 {B90: Sicilian Najdorf: Unusual White 6th moves, 6 Be3 Ng4 and 6 Be3 e5} (7. Bc4 Nc6 8. Nxc6 bxc6 9. Qe2 e6 10. Bb3 Be7 11. Be3 Qc7 12. O-O-O a5 13. g4 Ba6 14. Qg2 Nd7 {½-½ (46) Rodshtein,M (2673)-Artemiev,V (2736) Skopje 2019}) 7... h6 8. Nb3 e6 9. Qe2 Qc7 10. Be3 b5 11. a3 Nbd7 {[%cal Bb8d7,Bd7b6,Bb6c4][%mdl 32]} 12. h4 Nb6 13. O-O-O $146 ({Predecessor:} 13. Nd2 Bb7 14. Qf2 Nfd7 15. f4 d5 16. Bg2 dxe4 17. Ndxe4 b4 18. axb4 Bxb4 19. O-O Nc4 20. Bd4 f6 21. Ra4 Bxc3 22. Rxc4 Bxd4 23. Qxd4 {1-0 (23) Coleman,M-Claassen,C (2069) Wichita 2006}) 13... Nc4 14. Bd4 e5 15. Nd5 Nxd5 16. exd5 Be7 17. Bf2 Bd7 18. Nd2 Rc8 {[#] Threatens to win with ...Nxb2!} 19. Nxc4 bxc4 20. Be1 f5 21. Bc3 fxg4 22. fxg4 Qb6 23. Rh2 O-O {[#] Hoping for ...Rf4.} 24. g5 $1 hxg5 25. hxg5 {White is slightly better.} Bxg5+ 26. Kb1 Rf6 27. Bh3 {Accuracy: White = 66%, Black = 66%.} 1/2-1/2